000 00751nem a2200253 i 4500
001 bg
245 0 0 _aPowszechny atlas świata /
_c[red. Hubert Mroczkiewicz ; oprac. i red. map Grzegorz Ajdacki et al.].
255 _a1:19 125 - 1:15 000 000
260 _aWarszawa :
_bDEMART,
_c2007.
300 _aAtlas (200 s.) :
_bmapy kolor., il. kolor. ;
_c30 cm.
504 _aIndeksy.
650 9 _aGeografia
_zświat
655 _aMapy
700 1 _aMROCZKIEWICZ, Hubert.
_eRed.
700 1 _aAJDACKI, Grzegorz.
_eRed.
020 _a9788374272056
040 _cBPK
041 0 _apol
080 _a912(100)
920 _a978-83-7427-205-6
942 _cMP
008 s pl f |000 0 pol
999 _c35250
_d35250
856 _uhttp://koha.tu.koszalin.pl/cgi-bin/koha/opac-detail.pl?biblionumber=35250
_yKatalog online BPK